| 000 | 00790 a2200229 4500 | ||
|---|---|---|---|
| 003 | OSt | ||
| 005 | 20230623102053.0 | ||
| 008 | 230201s2016 mx a|||f |||| 001 0 spa d | ||
| 020 | _a9786071725837 | ||
| 040 | _cCHAP | ||
| 082 |
_222 _a635.9485 _bC96 |
||
| 245 | 0 | 0 |
_aCultivo hidropónico de Lilium (Azucena) : _b para flor de corte y en maceta / _cpor Humberto Rodríguez Fuentes...[ y otros tres] |
| 260 |
_aMéxico: _bTrillas, _c2016. |
||
| 264 | 1 |
_aMéxico: _bTrillas, _c2016. |
|
| 300 |
_a109 páginas: _bIlustraciones, cuadros |
||
| 504 | _aIncluye índice y bibliografía | ||
| 650 | 4 |
_966771 _aLilium _xVariedades |
|
| 650 | 4 |
_9144890 _aPlantas _x Cultivo sin tierra |
|
| 650 | 4 |
_989057 _aPlantas ornamentales |
|
| 700 | 0 |
_998492 _aRodríguez Fuentes, Humberto |
|
| 942 |
_cLibro _2ddc |
||
| 999 |
_c218211 _d218211 |
||